[Event "GS Open"]
[Site "Riga, Latvia"]
[Date "2021.11.06"]
[Round "10.30"]
[White "Sindarov Javokhir  (UZB)"]
[Black "Donchenko Alexander  (GER)"]
[Result "1/2-1/2"]
[WhiteElo "2587"]
[BlackElo "2648"]

1. e4 {[%clk 01:35:47]} {[%emt 00:05:12]} c6 {[%clk 01:40:50]} {[%emt
00:00:11]} 2. d4 {[%clk 01:36:06]} {[%emt 00:00:10]} d5 {[%clk 01:41:14]}
{[%emt 00:00:06]} 3. f3 {[%clk 01:36:33]} {[%emt 00:00:04]} e6 {[%clk
01:41:23]} {[%emt 00:00:20]} 4. Nc3 {[%clk 01:36:53]} {[%emt 00:00:10]} Bb4
{[%clk 01:41:41]} {[%emt 00:00:12]} 5. Nge2 {[%clk 01:37:16]} {[%emt 00:00:07]}
Ne7 {[%clk 01:40:24]} {[%emt 00:01:47]} 6. a3 {[%clk 01:37:40]} {[%emt
00:00:07]} Ba5 {[%clk 01:39:03]} {[%emt 00:01:51]} 7. h4 {[%clk 01:37:34]}
{[%emt 00:00:35]} Nd7 {[%clk 01:37:53]} {[%emt 00:01:40]} 8. h5 {[%clk
01:37:54]} {[%emt 00:00:10]} h6 {[%clk 01:36:06]} {[%emt 00:02:17]} 9. Bf4
{[%clk 01:38:17]} {[%emt 00:00:07]} Bc7 {[%clk 01:30:18]} {[%emt 00:06:18]} 10.
Qd2 {[%clk 01:33:57]} {[%emt 00:04:50]} dxe4 {[%clk 01:22:12]} {[%emt
00:08:36]} 11. Nxe4 {[%clk 01:32:34]} {[%emt 00:01:53]} Nd5 {[%clk 01:22:00]}
{[%emt 00:00:41]} 12. Bxc7 {[%clk 01:19:35]} {[%emt 00:13:30]} Qxc7 {[%clk
01:22:22]} {[%emt 00:00:08]} 13. O-O-O {[%clk 01:08:16]} {[%emt 00:11:49]} b6
{[%clk 01:20:01]} {[%emt 00:02:51]} 14. c4 {[%clk 01:03:36]} {[%emt 00:05:10]}
N5f6 {[%clk 01:19:45]} {[%emt 00:00:45]} 15. N2c3 {[%clk 01:03:57]} {[%emt
00:00:10]} Nxe4 {[%clk 01:07:44]} {[%emt 00:12:31]} 16. fxe4 {[%clk 00:58:13]}
{[%emt 00:06:14]} e5 {[%clk 01:05:17]} {[%emt 00:02:57]} 17. d5 {[%clk
00:56:51]} {[%emt 00:01:52]} Nc5 {[%clk 01:02:12]} {[%emt 00:03:34]} 18. Qc2
{[%clk 00:48:17]} {[%emt 00:09:05]} a5 {[%clk 00:58:14]} {[%emt 00:04:28]} 19.
Na4 {[%clk 00:43:46]} {[%emt 00:05:01]} Nxa4 {[%clk 00:52:56]} {[%emt
00:05:48]} 20. Qxa4 {[%clk 00:44:06]} {[%emt 00:00:10]} Bd7 {[%clk 00:53:20]}
{[%emt 00:00:05]} 21. d6 {[%clk 00:44:00]} {[%emt 00:00:37]} Qd8 {[%clk
00:45:06]} {[%emt 00:08:43]} 22. c5 {[%clk 00:36:53]} {[%emt 00:07:38]} O-O
{[%clk 00:41:27]} {[%emt 00:04:09]} 23. Qc2 {[%clk 00:35:05]} {[%emt 00:02:18]}
a4 {[%clk 00:39:47]} {[%emt 00:02:10]} 24. Kb1 {[%clk 00:29:42]} {[%emt
00:05:53]} Kh8 {[%clk 00:38:07]} {[%emt 00:02:10]} 25. Bc4 {[%clk 00:26:36]}
{[%emt 00:03:36]} f6 {[%clk 00:36:35]} {[%emt 00:02:02]} 26. Qf2 {[%clk
00:23:32]} {[%emt 00:03:34]} b5 {[%clk 00:34:13]} {[%emt 00:02:52]} 27. Ba2
{[%clk 00:22:21]} {[%emt 00:01:41]} b4 {[%clk 00:34:00]} {[%emt 00:00:42]} 28.
axb4 {[%clk 00:17:25]} {[%emt 00:05:27]} Qb8 {[%clk 00:34:19]} {[%emt
00:00:10]} 29. Qd2 {[%clk 00:15:59]} {[%emt 00:01:56]} a3 {[%clk 00:30:27]}
{[%emt 00:04:23]} 30. Bb3 {[%clk 00:12:45]} {[%emt 00:03:43]} Qb5 {[%clk
00:26:45]} {[%emt 00:04:13]} 31. Rhf1 {[%clk 00:11:48]} {[%emt 00:01:27]} Kh7
{[%clk 00:18:32]} {[%emt 00:08:43]} 32. Rc1 {[%clk 00:06:17]} {[%emt 00:06:01]}
Rfb8 {[%clk 00:05:42]} {[%emt 00:13:19]} 33. Bc4 {[%clk 00:06:41]} {[%emt
00:00:06]} Qa4 {[%clk 00:04:35]} {[%emt 00:01:38]} 34. b3 {[%clk 00:07:00]}
{[%emt 00:00:11]} Rxb4 {[%clk 00:05:02]} {[%emt 00:00:02]} 35. Ka2 {[%clk
00:07:22]} {[%emt 00:00:09]} Qa5 {[%clk 00:05:16]} {[%emt 00:00:15]} 36. Bf7
{[%clk 00:04:48]} {[%emt 00:03:03]} Qb5 {[%clk 00:04:10]} {[%emt 00:01:37]} 37.
Bc4 {[%clk 00:04:50]} {[%emt 00:00:28]} Qb7 {[%clk 00:03:43]} {[%emt 00:00:58]}
38. Rf3 {[%clk 00:04:20]} {[%emt 00:01:00]} Rb8 {[%clk 00:02:27]} {[%emt
00:01:46]} 39. Rg3 {[%clk 00:03:23]} {[%emt 00:01:28]} Be8 {[%clk 00:01:28]}
{[%emt 00:01:28]} 40. Qe2 {[%clk 00:01:34]} {[%emt 00:02:18]} Bf7 {[%clk
00:00:44]} {[%emt 00:01:14]} 41. Bxf7 {[%clk 00:48:55]} {[%emt 00:03:09]} Qxf7
{[%clk 00:51:01]} {[%emt 00:00:13]} 42. Rcc3 {[%clk 00:47:26]} {[%emt
00:02:00]} f5 {[%clk 00:46:34]} {[%emt 00:04:58]} 43. exf5 {[%clk 00:38:11]}
{[%emt 00:09:45]} Qxf5 {[%clk 00:46:23]} {[%emt 00:00:40]} 44. Rcf3 {[%clk
00:35:55]} {[%emt 00:02:46]} Qe6 {[%clk 00:44:36]} {[%emt 00:02:18]} 45. Rg6
{[%clk 00:34:16]} {[%emt 00:02:09]} Qg8 {[%clk 00:39:10]} {[%emt 00:05:56]} 46.
Qxe5 {[%clk 00:29:06]} {[%emt 00:05:39]} Re8 {[%clk 00:38:51]} {[%emt
00:00:48]} 47. Qf5 {[%clk 00:27:18]} {[%emt 00:02:19]} Kh8 {[%clk 00:36:54]}
{[%emt 00:02:27]} 48. Qf7 {[%clk 00:25:34]} {[%emt 00:02:13]} Re2+ {[%clk
00:36:38]} {[%emt 00:00:47]} 49. Kxa3 {[%clk 00:26:01]} {[%emt 00:00:04]} Rxb3+
{[%clk 00:33:31]} {[%emt 00:03:37]} 50. Qxb3 {[%clk 00:25:52]} {[%emt
00:00:39]} Qa8+ {[%clk 00:33:54]} {[%emt 00:00:06]} 51. Kb4 {[%clk 00:26:15]}
{[%emt 00:00:06]} Re4+ {[%clk 00:33:36]} {[%emt 00:00:48]} 52. Kc3 {[%clk
00:26:10]} {[%emt 00:00:33]} Qa1+ {[%clk 00:33:44]} {[%emt 00:00:24]} 53. Kc2
{[%clk 00:21:18]} {[%emt 00:05:22]} Re2+ {[%clk 00:33:49]} {[%emt 00:00:26]} 54.
Kd3 {[%clk 00:21:42]} {[%emt 00:00:06]} Qa6+ {[%clk 00:34:15]} {[%emt
00:00:04]} 55. Qc4 {[%clk 00:14:02]} {[%emt 00:08:11]} Rd2+ {[%clk 00:34:17]}
{[%emt 00:00:27]} 56. Kxd2 {[%clk 00:14:24]} {[%emt 00:00:07]} Qxc4 {[%clk
00:34:43]} {[%emt 00:00:04]} 57. Rgg3 {[%clk 00:08:50]} {[%emt 00:06:04]} Qa2+
{[%clk 00:19:16]} {[%emt 00:15:58]} 58. Kc3 {[%clk 00:09:05]} {[%emt 00:00:15]}
Qa1+ {[%clk 00:17:09]} {[%emt 00:02:37]} 59. Kd3 {[%clk 00:08:39]} {[%emt
00:00:55]} Qd1+ {[%clk 00:17:01]} {[%emt 00:00:38]} 60. Kc3 {[%clk 00:07:11]}
{[%emt 00:01:58]} Qa1+ {[%clk 00:16:53]} {[%emt 00:00:38]} 61. Kb3 {[%clk
00:06:41]} {[%emt 00:00:58]} Qd1+ {[%clk 00:16:31]} {[%emt 00:00:53]} 62. Kb2
{[%clk 00:06:59]} {[%emt 00:00:11]} Qd2+ {[%clk 00:13:58]} {[%emt 00:03:05]} 63.
Ka3 {[%clk 00:06:43]} {[%emt 00:00:45]} Qa5+ {[%clk 00:11:50]} {[%emt
00:02:39]} 64. Kb3 {[%clk 00:07:07]} {[%emt 00:00:05]} Qb5+ {[%clk 00:12:16]}
{[%emt 00:00:04]} 65. Ka2 {[%clk 00:07:32]} {[%emt 00:00:05]} Qa4+ {[%clk
00:12:41]} {[%emt 00:00:05]} 66. Kb2 {[%clk 00:07:36]} {[%emt 00:00:26]} Qb4+
{[%clk 00:13:07]} {[%emt 00:00:04]} 67. Rb3 {[%clk 00:06:55]} {[%emt 00:01:11]}
Qd2+ {[%clk 00:13:30]} {[%emt 00:00:06]} 68. Kb1 {[%clk 00:07:03]} {[%emt
00:00:23]} Qe1+ {[%clk 00:13:55]} {[%emt 00:00:04]} 69. Ka2 {[%clk 00:04:36]}
{[%emt 00:02:58]} Qf2+ {[%clk 00:14:14]} {[%emt 00:00:12]} 70. Ka1 {[%clk
00:04:59]} {[%emt 00:00:07]} Qe1+ {[%clk 00:14:38]} {[%emt 00:00:06]} 71. Ka2
{[%clk 00:05:17]} {[%emt 00:00:12]} Qf2+ {[%clk 00:15:02]} {[%emt 00:00:06]} 72.
Ka1 {[%clk 00:05:41]} {[%emt 00:00:06]} Qe1+ {[%clk 00:15:27]} {[%emt
00:00:04]} 1/2-1/2

[Event "GS Open"]
[Site "Riga, Latvia"]
[Date "2021.11.06"]
[Round "10.35"]
[White "Praggnanandhaa R  (IND)"]
[Black "Gelfand Boris  (ISR)"]
[Result "1/2-1/2"]
[WhiteElo "2618"]
[BlackElo "2680"]

1. e4 {[%clk 01:37:57]} {[%emt 00:03:02]} c5 {[%clk 01:40:57]} {[%emt
00:00:05]} 2. Nf3 {[%clk 01:38:22]} {[%emt 00:00:04]} Nc6 {[%clk 01:41:24]}
{[%emt 00:00:03]} 3. Bb5 {[%clk 01:38:46]} {[%emt 00:00:06]} e6 {[%clk
01:41:51]} {[%emt 00:00:04]} 4. O-O {[%clk 01:38:25]} {[%emt 00:00:50]} Nge7
{[%clk 01:40:47]} {[%emt 00:01:35]} 5. Re1 {[%clk 01:37:35]} {[%emt 00:01:19]}
a6 {[%clk 01:40:58]} {[%emt 00:00:21]} 6. Bf1 {[%clk 01:37:58]} {[%emt
00:00:06]} d5 {[%clk 01:41:21]} {[%emt 00:00:07]} 7. exd5 {[%clk 01:38:12]}
{[%emt 00:00:16]} Nxd5 {[%clk 01:41:47]} {[%emt 00:00:05]} 8. d4 {[%clk
01:38:07]} {[%emt 00:00:34]} Nf6 {[%clk 01:41:46]} {[%emt 00:00:32]} 9. Be3
{[%clk 01:37:19]} {[%emt 00:01:17]} Be7 {[%clk 01:41:52]} {[%emt 00:00:24]} 10.
c4 {[%clk 01:35:07]} {[%emt 00:02:41]} O-O {[%clk 01:42:05]} {[%emt 00:00:18]}
11. Nc3 {[%clk 01:30:25]} {[%emt 00:05:12]} b6 {[%clk 01:41:38]} {[%emt
00:00:58]} 12. Qd2 {[%clk 01:24:12]} {[%emt 00:06:42]} Bb7 {[%clk 01:38:01]}
{[%emt 00:04:07]} 13. Rad1 {[%clk 01:23:22]} {[%emt 00:01:19]} cxd4 {[%clk
01:37:51]} {[%emt 00:00:41]} 14. Nxd4 {[%clk 01:23:44]} {[%emt 00:00:08]} Ne5
{[%clk 01:36:45]} {[%emt 00:01:35]} 15. Nc2 {[%clk 01:01:53]} {[%emt 00:22:20]}
Qc8 {[%clk 01:21:05]} {[%emt 00:16:12]} 16. Qe2 {[%clk 00:56:36]} {[%emt
00:05:46]} Ned7 {[%clk 01:15:12]} {[%emt 00:06:23]} 17. Bf4 {[%clk 00:48:19]}
{[%emt 00:08:46]} Qc6 {[%clk 00:55:56]} {[%emt 00:19:47]} 18. b4 {[%clk
00:33:28]} {[%emt 00:15:21]} Rad8 {[%clk 00:52:59]} {[%emt 00:03:27]} 19. Nd4
{[%clk 00:26:17]} {[%emt 00:07:40]} Qc8 {[%clk 00:53:19]} {[%emt 00:00:11]} 20.
Nxe6 {[%clk 00:24:18]} {[%emt 00:02:29]} fxe6 {[%clk 00:52:33]} {[%emt
00:01:17]} 21. Qxe6+ {[%clk 00:24:43]} {[%emt 00:00:04]} Rf7 {[%clk 00:52:02]}
{[%emt 00:01:01]} 22. c5 {[%clk 00:24:08]} {[%emt 00:01:04]} Rdf8 {[%clk
00:42:04]} {[%emt 00:10:29]} 23. Bc4 {[%clk 00:22:56]} {[%emt 00:01:41]} Kh8
{[%clk 00:42:08]} {[%emt 00:00:26]} 24. Qh3 {[%clk 00:21:29]} {[%emt 00:01:56]}
bxc5 {[%clk 00:42:05]} {[%emt 00:00:35]} 25. b5 {[%clk 00:20:52]} {[%emt
00:01:06]} Bd8 {[%clk 00:26:13]} {[%emt 00:16:22]} 26. Bd6 {[%clk 00:13:38]}
{[%emt 00:07:43]} Ba5 {[%clk 00:24:39]} {[%emt 00:02:05]} 27. a4 {[%clk
00:09:21]} {[%emt 00:04:47]} Qa8 {[%clk 00:12:01]} {[%emt 00:13:09]} 28. Bxf8
{[%clk 00:07:11]} {[%emt 00:02:39]} Rxf8 {[%clk 00:12:00]} {[%emt 00:00:31]} 29.
Re7 {[%clk 00:06:39]} {[%emt 00:01:02]} Nb6 {[%clk 00:11:30]} {[%emt 00:01:01]}
30. bxa6 {[%clk 00:04:23]} {[%emt 00:02:47]} Bxa6 {[%clk 00:11:40]} {[%emt
00:00:20]} 31. Bxa6 {[%clk 00:04:01]} {[%emt 00:00:52]} Qxa6 {[%clk 00:10:57]}
{[%emt 00:01:13]} 32. Qg3 {[%clk 00:02:42]} {[%emt 00:01:49]} Nh5 {[%clk
00:10:35]} {[%emt 00:00:53]} 33. Qf3 {[%clk 00:01:16]} {[%emt 00:01:56]} Qc8
{[%clk 00:05:58]} {[%emt 00:05:07]} 34. Qxh5 {[%clk 00:01:30]} {[%emt
00:00:15]} Bxc3 {[%clk 00:06:24]} {[%emt 00:00:05]} 35. Rd6 {[%clk 00:00:49]}
{[%emt 00:01:10]} Bd4 {[%clk 00:03:55]} {[%emt 00:02:59]} 36. Rde6 {[%clk
00:00:41]} {[%emt 00:00:38]} Bxf2+ {[%clk 00:01:31]} {[%emt 00:02:54]} 37. Kh1
{[%clk 00:01:09]} {[%emt 00:00:02]} Qa6 {[%clk 00:01:46]} {[%emt 00:00:16]} 38.
Qd1 {[%clk 00:00:37]} {[%emt 00:01:01]} Qxa4 {[%clk 00:01:29]} {[%emt
00:00:47]} 39. Qf1 {[%clk 00:00:33]} {[%emt 00:00:33]} Nd7 {[%clk 00:00:57]}
{[%emt 00:01:02]} 40. Re8 {[%clk 00:00:35]} {[%emt 00:00:28]} Qf4 {[%clk
00:00:45]} {[%emt 00:00:41]} 41. Re4 {[%clk 00:33:58]} {[%emt 00:17:06]} Qf6
{[%clk 00:46:50]} {[%emt 00:04:26]} 42. R4e6 {[%clk 00:29:47]} {[%emt
00:04:41]} Qf4 {[%clk 00:34:11]} {[%emt 00:13:10]} 43. Re4 {[%clk 00:29:41]}
{[%emt 00:00:36]} Qf6 {[%clk 00:34:34]} {[%emt 00:00:07]} 1/2-1/2

[Event "GS Open"]
[Site "Riga, Latvia"]
[Date "2021.11.06"]
[Round "10.40"]
[White "Suleymanli Aydin  (AZE)"]
[Black "Brkic Ante  (CRO)"]
[Result "0-1"]
[WhiteElo "2541"]
[BlackElo "2621"]

1. d4 {[%clk 01:40:59]} Nf6 {[%clk 01:40:53]} {[%emt 00:00:07]} 2. c4 {[%clk
01:41:22]} {[%emt 00:00:07]} e6 {[%clk 01:41:20]} {[%emt 00:00:03]} 3. Nc3
{[%clk 01:41:49]} {[%emt 00:00:04]} Bb4 {[%clk 01:41:44]} {[%emt 00:00:05]} 4.
f3 {[%clk 01:42:16]} {[%emt 00:00:03]} c5 {[%clk 01:40:29]} {[%emt 00:01:45]} 5.
d5 {[%clk 01:42:38]} {[%emt 00:00:08]} b5 {[%clk 01:40:15]} {[%emt 00:00:43]} 6.
e4 {[%clk 01:42:47]} {[%emt 00:00:22]} d6 {[%clk 01:40:05]} {[%emt 00:00:40]} 7.
Nge2 {[%clk 01:42:47]} {[%emt 00:00:29]} bxc4 {[%clk 01:39:52]} {[%emt
00:00:43]} 8. Nf4 {[%clk 01:43:04]} {[%emt 00:00:14]} e5 {[%clk 01:39:47]}
{[%emt 00:00:34]} 9. Nfe2 {[%clk 01:43:28]} {[%emt 00:00:06]} Nbd7 {[%clk
01:39:41]} {[%emt 00:00:35]} 10. Ng3 {[%clk 01:43:43]} {[%emt 00:00:16]} Nb6
{[%clk 01:39:55]} {[%emt 00:00:16]} 11. Be2 {[%clk 01:43:54]} {[%emt 00:00:19]}
Ng8 {[%clk 01:35:02]} {[%emt 00:05:23]} 12. h4 {[%clk 01:13:30]} {[%emt
00:30:54]} Ne7 {[%clk 01:28:41]} {[%emt 00:06:49]} 13. h5 {[%clk 01:09:47]}
{[%emt 00:04:15]} h6 {[%clk 01:18:51]} {[%emt 00:10:20]} 14. f4 {[%clk
01:08:39]} {[%emt 00:01:39]} exf4 {[%clk 01:18:26]} {[%emt 00:00:54]} 15. Bxf4
{[%clk 01:09:06]} {[%emt 00:00:03]} g5 {[%clk 01:18:25]} {[%emt 00:00:31]} 16.
hxg6 {[%clk 01:07:02]} {[%emt 00:02:34]} Nxg6 {[%clk 01:16:38]} {[%emt
00:02:16]} 17. Qd2 {[%clk 01:05:49]} {[%emt 00:01:43]} Qe7 {[%clk 01:05:56]}
{[%emt 00:11:11]} 18. O-O {[%clk 00:55:00]} {[%emt 00:11:20]} Bd7 {[%clk
00:58:58]} {[%emt 00:07:28]} 19. Bxh6 {[%clk 00:49:39]} {[%emt 00:05:51]} O-O-O
{[%clk 00:53:04]} {[%emt 00:06:25]} 20. Nh5 {[%clk 00:34:38]} {[%emt 00:15:31]}
Bxc3 {[%clk 00:45:20]} {[%emt 00:08:14]} 21. bxc3 {[%clk 00:34:57]} {[%emt
00:00:10]} Qxe4 {[%clk 00:45:45]} {[%emt 00:00:05]} 22. Bg7 {[%clk 00:29:14]}
{[%emt 00:06:13]} Rhe8 {[%clk 00:35:56]} {[%emt 00:10:19]} 23. Rf2 {[%clk
00:24:22]} {[%emt 00:05:23]} Qe3 {[%clk 00:35:15]} {[%emt 00:01:11]} 24. Bf1
{[%clk 00:24:47]} {[%emt 00:00:06]} Qxd2 {[%clk 00:33:24]} {[%emt 00:02:21]} 25.
Rxd2 {[%clk 00:25:16]} {[%emt 00:00:01]} Re3 {[%clk 00:31:48]} {[%emt
00:02:05]} 26. Kf2 {[%clk 00:23:59]} {[%emt 00:01:47]} Re4 {[%clk 00:31:39]}
{[%emt 00:00:39]} 27. a4 {[%clk 00:22:28]} {[%emt 00:02:02]} Rg8 {[%clk
00:26:42]} {[%emt 00:05:26]} 28. a5 {[%clk 00:22:10]} {[%emt 00:00:49]} Na4
{[%clk 00:24:55]} {[%emt 00:02:16]} 29. g3 {[%clk 00:21:24]} {[%emt 00:01:16]}
Ne5 {[%clk 00:21:55]} {[%emt 00:03:29]} 30. Ra3 {[%clk 00:14:33]} {[%emt
00:07:21]} Ng4+ {[%clk 00:19:24]} {[%emt 00:03:02]} 31. Kf3 {[%clk 00:06:33]}
{[%emt 00:08:29]} f5 {[%clk 00:14:39]} {[%emt 00:05:15]} 32. Re2 {[%clk
00:04:05]} {[%emt 00:02:59]} Rxe2 {[%clk 00:10:32]} {[%emt 00:04:37]} 33. Bxe2
{[%clk 00:04:30]} {[%emt 00:00:05]} Nb2 {[%clk 00:10:55]} {[%emt 00:00:07]} 34.
Ra2 {[%clk 00:03:49]} {[%emt 00:01:11]} Nd3 {[%clk 00:10:47]} {[%emt 00:00:37]}
35. Bxd3 {[%clk 00:03:23]} {[%emt 00:00:57]} cxd3 {[%clk 00:11:15]} {[%emt
00:00:01]} 36. c4 {[%clk 00:03:18]} {[%emt 00:00:36]} Be8 {[%clk 00:05:54]}
{[%emt 00:05:51]} 37. Nf6 {[%clk 00:03:47]} Rxg7 {[%clk 00:05:43]} {[%emt
00:00:42]} 38. Nxe8 {[%clk 00:04:14]} {[%emt 00:00:03]} Rg6 {[%clk 00:06:08]}
{[%emt 00:00:04]} 39. Kf4 {[%clk 00:03:53]} {[%emt 00:00:51]} Nh6 {[%clk
00:05:32]} {[%emt 00:01:06]} 0-1

[Event "GS Open"]
[Site "Riga, Latvia"]
[Date "2021.11.06"]
[Round "10.43"]
[White "Cheparinov Ivan  (BUL)"]
[Black "Kravtsiv Martyn  (UKR)"]
[Result "1-0"]
[WhiteElo "2659"]
[BlackElo "2625"]

1. d4 {[%clk 01:40:57]} {[%emt 00:00:01]} Nf6 {[%clk 01:40:47]} {[%emt
00:00:13]} 2. c4 {[%clk 01:41:23]} {[%emt 00:00:05]} e6 {[%clk 01:41:13]}
{[%emt 00:00:03]} 3. Nc3 {[%clk 01:41:49]} {[%emt 00:00:04]} Bb4 {[%clk
01:40:40]} {[%emt 00:01:04]} 4. f3 {[%clk 01:42:15]} {[%emt 00:00:04]} c5
{[%clk 01:39:56]} {[%emt 00:01:14]} 5. d5 {[%clk 01:42:37]} {[%emt 00:00:07]}
O-O {[%clk 01:39:43]} {[%emt 00:00:44]} 6. e4 {[%clk 01:43:03]} {[%emt
00:00:04]} Re8 {[%clk 01:39:34]} {[%emt 00:00:38]} 7. Nge2 {[%clk 01:41:50]}
{[%emt 00:01:43]} d6 {[%clk 01:39:29]} {[%emt 00:00:36]} 8. Ng3 {[%clk
01:32:18]} {[%emt 00:10:02]} b5 {[%clk 01:35:06]} {[%emt 00:04:53]} 9. Be2
{[%clk 01:26:41]} {[%emt 00:06:06]} exd5 {[%clk 01:32:18]} {[%emt 00:03:18]} 10.
cxd5 {[%clk 01:27:01]} {[%emt 00:00:11]} c4 {[%clk 01:30:56]} {[%emt 00:01:52]}
11. O-O {[%clk 01:20:48]} {[%emt 00:06:42]} Nbd7 {[%clk 01:15:08]} {[%emt
00:16:18]} 12. Kh1 {[%clk 01:16:54]} {[%emt 00:04:24]} Rb8 {[%clk 01:10:29]}
{[%emt 00:05:09]} 13. Be3 {[%clk 01:16:46]} {[%emt 00:00:37]} a5 {[%clk
00:58:52]} {[%emt 00:12:08]} 14. Qc2 {[%clk 01:05:54]} {[%emt 00:11:22]} a4
{[%clk 00:49:48]} {[%emt 00:09:34]} 15. b3 {[%clk 01:00:17]} {[%emt 00:06:08]}
a3 {[%clk 00:23:16]} {[%emt 00:27:02]} 16. Bd4 {[%clk 00:49:20]} {[%emt
00:11:26]} Ba6 {[%clk 00:17:31]} {[%emt 00:06:15]} 17. Rab1 {[%clk 00:48:16]}
{[%emt 00:01:34]} Ne5 {[%clk 00:12:09]} {[%emt 00:05:52]} 18. bxc4 {[%clk
00:46:49]} {[%emt 00:01:58]} bxc4 {[%clk 00:06:15]} {[%emt 00:06:23]} 19. Qa4
{[%clk 00:46:54]} {[%emt 00:00:25]} Qa5 {[%clk 00:02:02]} {[%emt 00:04:44]} 20.
Rxb4 {[%clk 00:47:10]} {[%emt 00:00:14]} Qxb4 {[%clk 00:01:59]} {[%emt
00:00:33]} 21. Qxa6 {[%clk 00:47:35]} {[%emt 00:00:05]} Ra8 {[%clk 00:01:14]}
{[%emt 00:01:15]} 22. Qb5 {[%clk 00:45:26]} {[%emt 00:02:38]} Reb8 {[%clk
00:01:18]} {[%emt 00:00:26]} 23. Qxb4 {[%clk 00:45:49]} {[%emt 00:00:08]} Rxb4
{[%clk 00:01:44]} {[%emt 00:00:03]} 24. Nf5 {[%clk 00:45:47]} {[%emt 00:00:32]}
1-0